[Event "1st Grandiscacchi Cattolica 2022"]
[Site "Cattolica"]
[Date "2022.03.05"]
[Round "6.5"]
[White "Nisipeanu, Liviu-Dieter"]
[Black "Assaubayeva, Bibisara"]
[Result "1/2-1/2"]
[WhiteElo "2652"]
[BlackElo "2434"]
[Annotator "TA"]
[PlyCount "101"]
[EventDate "2022.03.03"]
[EventType "swiss"]
[EventCountry "ITA"]
[SourceTitle "playchess.com"]
[Source "ChessBase"]
[SourceQuality "1"]

{[%evp 25,101,21,18,19,12,13,17,23,52,21,44,29,30,32,12,8,8,10,11,0,99,104,92,91,96,103,99,97,83,78,78,78,78,77,77,94,178,143,97,97,231,97,231,224,213,181,167,0,175,70,80,70,71,0,0,0,0,0,0,0,0,0,0,0,1,1,1,1,1,0,0,0,0,0,0,0,0,0]} 1. c4 Nf6 2. g3 g6 3. Bg2 Bg7 4. Nc3 O-O 5. d3 d6 6. Nf3 e5 7. O-O Nc6 8. Rb1 a5 9. a3 h6 10. b4 axb4 11. axb4 Be6 12. b5 Ne7 13. Bb2 Qd7 14. Qb3 {A26: English Opening vs King's Indian with ...Nc6 and d3.} Bh3 15. Ra1 Bxg2 16. Kxg2 Nf5 17. Nd5 {[#]} Nh7 $146 ({Predecessor:} 17... Nxd5 18. cxd5 Ne7 19. e4 f5 20. Rxa8 Rxa8 21. Rc1 fxe4 22. dxe4 Kh7 23. Rc4 Ng8 {½-½ (51) Valdes Romero,L (2402)-Assaubayeva,B (2400) Chess.com INT 2021}) 18. Rxa8 Rxa8 19. b6 c5 20. Ra1 Rxa1 21. Bxa1 Ne7 {[%cal Oe5e4]} 22. Qa2 Nf6 (22... Nxd5 $11 {keeps the balance.} 23. Qa8+ Bf8 24. cxd5 f5) 23. Qa8+ Kh7 24. Nxe7 {White is much more active.} Qxe7 25. Qc8 {aiming for Nd2.} Nd7 26. Qxb7 {Threatens to win with e4.} e4 27. Bxg7 exf3+ 28. exf3 Kxg7 29. Qc7 {Prevents Qd8.} Qe6 30. b7 g5 {[#]} (30... d5 $16) 31. Qxd7 $3 {[%mdl 576] Remove Defender} Qxd7 32. b8=Q $16 {[%mdl 4096] Endgame KQ-KQ} Qe7 (32... f5 $16) 33. Qa8 (33. g4 $18 {and White stays clearly on top.}) 33... Qe5 {[#]} (33... f5 $16 {might work better.}) 34. Qe4 $1 $18 Qf6 35. Qd5 Kg6 36. Qe4+ Kg7 $1 37. h3 ({White should try} 37. g4 $18) 37... Kg8 38. f4 gxf4 39. g4 ({Better is} 39. gxf4 $16 Kg7 40. Qf3) 39... Kg7 $11 {The position is equal.} 40. Qd5 Qe7 41. d4 cxd4 42. Qxd4+ Qf6 43. Qe4 Kg8 44. Qf5 Kg7 45. Qd5 Qe7 46. Kf3 Qh4 $1 47. Qd4+ Kg8 48. Qxf4 {Strongly threatening Kg2.} Qxh3+ 49. Ke4 Qh1+ 50. f3 Qb1+ 51. Kd4 {Black escapes into a draw.  Weighted Error Value: White=0.17 (very precise) /Black=0.16 (very precise)} 1/2-1/2

[Event "1st Grandiscacchi Cattolica 2022"]
[Site "Cattolica"]
[Date "2022.03.05"]
[Round "6.6"]
[White "Karthikeyan, P.."]
[Black "Jobava, Baadur"]
[Result "0-1"]
[WhiteElo "2396"]
[BlackElo "2588"]
[Annotator "TA"]
[PlyCount "160"]
[EventDate "2022.03.03"]
[EventType "swiss"]
[EventCountry "ITA"]
[SourceTitle "playchess.com"]
[Source "ChessBase"]
[SourceQuality "1"]

{[%evp 13,160,0,9,0,12,0,10,0,46,45,54,30,37,32,58,29,35,25,35,0,48,-7,0,-24,3,-43,0,-29,0,0,0,0,0,0,0,0,5,12,15,-27,-16,-24,-26,-18,40,0,0,0,0,0,41,0,18,18,51,0,0,0,0,0,0,0,0,-16,-18,-16,-16,-16,-18,-41,-41,-49,-43,-41,-37,-43,-37,-40,-49,-49,-18,-22,-22,-49,-29,-30,-30,-31,-33,-33,-33,-123,-38,-53,-10,-34,-30,-22,-26,-46,-8,-8,-22,-8,0,0,0,0,0,0,0,-8,-8,-8,-8,-8,-8,-244,-244,-67,-67,-73,-73,-855,-855,-855,-800,-712,-685,-29954,-12848,-29961,-29962,-29961,-29962,-29968,-29969,-29969,-29971,-29971,-29972,-29971,-29973,-29974,-29973,-29973,-29973,-29976,-29976]} 1. d4 d5 2. c4 c6 3. Nf3 Nf6 4. Nc3 dxc4 5. a4 Bf5 6. Ne5 Nbd7 $1 {6...Nbd7 scores better than 6...e6.} 7. Nxc4 Qc7 8. Qd2 {D17: Slav Defence: 5 a4 Bf5: Lines with 6 Nh4 and 6 Ne5.} Nb6 9. Ne5 a5 10. f3 {[#] The position is equal.} h6 $146 (10... Nfd7 $11 {is more appropriate.}) ({Predecessor:} 10... e6 11. e4 Bg6 12. Qf2 Bb4 13. Be2 O-O 14. O-O Nbd7 15. Nc4 e5 16. dxe5 Nxe5 {1-0 (29) Torres Rosas,L (2358)-Torres,J (2339) Merida 2013}) 11. e4 $14 Bh7 12. Qf2 e6 13. Be2 Nfd7 14. Nd3 Bd6 15. g3 O-O 16. Bf4 Rad8 (16... Bxf4 $11 17. Nxf4 e5 18. dxe5 Qxe5) 17. Rc1 (17. Bxd6 $1 $14 Qxd6 18. Rd1) 17... Bxf4 $11 18. gxf4 Kh8 19. Rg1 (19. O-O $11) 19... f6 (19... Nb8 $15 {might be stronger.}) 20. Bd1 Qd6 (20... Nd5 $5) 21. Bb3 Rfe8 {[%cal Ob6d5]} 22. Rd1 Qf8 23. Kf1 Na8 {[%cal Bb6a8,Ba8c7,Bc7a6,Ba6b4][%mdl 32]} 24. Kg2 Nc7 25. Kh1 Na6 26. Rg3 (26. Na2 $142) 26... Nb4 27. Nc1 Re7 28. Rdg1 e5 (28... Bg8 $11) 29. N3e2 exd4 30. Nxd4 (30. Qxd4 f5 31. exf5 Bxf5 $17) 30... Nc5 {[%cal Oh7e4] Prevents Ne6.} 31. f5 Red7 (31... Rd6 $11) 32. Nce2 Nbd3 {[%csl LRb2,LRf2]} 33. Qe3 Qd6 {[#]} 34. Be6 ({White should play} 34. Ne6 $1 $14 Nxe6 35. fxe6 (35. Bxe6 Rc7 $14)) 34... Re7 35. b3 Qe5 36. Rg4 Rd6 37. h3 Rd8 38. R1g3 {[#]} Rxd4 $1 {Active counter play!} 39. Qxd4 (39. Nxd4 h5 40. f4 Qxe4+ 41. Qxe4 Nf2+ 42. Kh2 Nfxe4 $19) 39... Qxd4 {Really sharp!} 40. Nxd4 Nf2+ {Pair of Knights!} 41. Kg1 Nxg4 42. hxg4 Nxe6 ({But not} 42... Bg8 43. Bxg8 Kxg8 44. Kf2 $11) 43. Nxe6 $15 {[%mdl 4096] Endgame KRB-KRN} Bg8 44. Rg2 Bxe6 45. fxe6 Rxe6 {KR-KR} 46. Rd2 {Inhibits Rd6.} c5 47. Rd8+ Kh7 48. Rc8 Rb6 49. Rxc5 Rxb3 50. Kf2 b6 51. Rc7 Rb4 52. Rb7 Kg8 (52... Rxa4 $17 {And now ...Rb4 would win.} 53. Rxb6 Ra1) 53. Ke3 g5 (53... Rxa4 $15 {should be considered.} 54. Rxb6 Ra1) 54. Kd3 $11 Kf8 55. Ke3 Ke8 56. Kd3 Kd8 57. Rf7 $1 Rxa4 58. Rxf6 Kc7 59. Rxh6 Ra3+ 60. Kd4 Rxf3 61. Rh7+ Kc6 {Strongly threatening ...a4.} 62. Rh6+ Kb5 {White must now prevent ...Rf1.} 63. e5 $1 a4 {Hoping for ...Rf2.} 64. e6 $1 {White threatens e7 and mate.} Kc6 65. e7+ $2 (65. Rg6 $1 $11) 65... Kd7 $19 66. Rxb6 $2 ({Better is} 66. Rg6 $19 Rf4+ 67. Ke5) 66... Kxe7 $15 67. Ke5 {[#]} Rf4 $1 68. Rg6 $2 {[%mdl 8192]} (68. Rb7+ $17 Kd8 69. Ra7) 68... Rxg4 $19 {Threatens to win with ...Kf7.} 69. Rg7+ Kf8 70. Ra7 Rf4 71. Ke6 a3 {[%cal Oa3a2] ( -> ...a2!)} 72. Rxa3 Kg7 {Black mates.} 73. Ke5 Kg6 74. Rh3 Ra4 75. Rh1 g4 {[%cal Bg5g4,Bg4g3][%mdl 32]} 76. Rh8 Kg5 77. Rg8+ Kh4 78. Kf5 Kh3 79. Rh8+ Kg2 80. Rb8 g3 {Weighted Error Value: White=0.12 (very precise) /Black=0.11 (very precise)} 0-1

[Event "1st Grandiscacchi Cattolica 2022"]
[Site "Cattolica"]
[Date "2022.03.05"]
[Round "6.7"]
[White "Akshat, Khamparia"]
[Black "Moroni, Luca Jr"]
[Result "1-0"]
[WhiteElo "2390"]
[BlackElo "2588"]
[Annotator "TA"]
[PlyCount "99"]
[EventDate "2022.03.03"]
[EventType "swiss"]
[EventCountry "ITA"]
[SourceTitle "playchess.com"]
[Source "ChessBase"]
[SourceQuality "1"]

{[%evp 15,99,-29,-17,-16,0,0,0,-2,0,-28,-21,-40,-25,-45,-41,-57,-20,-98,-91,-92,-85,-98,-89,-82,-87,-85,-77,-70,-27,-21,-22,-91,0,-93,-120,-126,-93,-101,-61,-73,-60,-83,-61,-64,0,0,0,0,90,90,220,123,665,658,643,632,592,265,220,0,539,423,566,546,516,0,456,357,1115,1085,29974,29975,29975,29976,29974,0,29972,0,29976,29977,29977,29976,29977,29976,29984,1208]} 1. d4 d5 2. Nf3 Nf6 3. Bf4 c5 4. e3 Nc6 5. c3 Qb6 6. Qb3 c4 7. Qc2 $1 {The main line 7.Qc2 scores better than 7.Qxb6.} Bf5 8. Qc1 e6 9. h3 {D02: 1 d4 d5 2 Nf3 sidelines, including 2...Nf6 3 g3 and 2...Nf6 3 Bf4.} h6 10. Nbd2 Qd8 11. Be2 {The position is equal.} b5 12. Ne5 Nxe5 13. Bxe5 Be7 {[#]} 14. g4 $146 ({Predecessor:} 14. a4 b4 15. Bxf6 Bxf6 16. cxb4 Qb6 17. b5 O-O 18. O-O Rfc8 19. Nb1 a6 20. Nc3 axb5 21. axb5 {1-0 (36) Zuluaga Mancilla,C (2349)-Castano,H (2253) Medellin 2014}) 14... Bg6 15. h4 O-O 16. Bg3 (16. g5 $11 {remains equal.} hxg5 17. hxg5) 16... b4 $17 17. g5 {[#]} bxc3 $1 18. bxc3 hxg5 ({Much weaker is} 18... Ne4 $6 19. Nxe4 Bxe4 20. f3 $11) 19. hxg5 Ne4 20. Nxe4 Bxe4 21. f3 Bg6 ({Black should try} 21... Bf5 $1 $15) 22. Kf2 $11 Bxg5 23. Qg1 $1 Bh6 (23... f6 $1 $17 24. Qh2 Qa5) 24. Rxh6 gxh6 $17 25. Qh2 f6 26. Rg1 Kf7 27. Bc7 {[#]} Qc8 {Strongly threatening ...Rg8.} 28. Qxh6 Rg8 29. Bd6 {f4 is the strong threat.} Qa6 (29... Qd8 $15 30. Ba3 f5) 30. Bb4 $1 $11 {[%cal Oe3e4]} Rab8 31. a3 {Chess con chili.} Rxb4 32. axb4 $16 {[%cal Oe3e4]} Qa2 (32... Qa3 $2 33. Qf4 Qa4 34. Qc7+ Ke8 35. Qb8+ Kf7 36. Qc7+ Ke8 37. Qc8+ Kf7 38. Qc7+ $18) (32... Bd3 $16) 33. Qf4 (33. Qh2 $18 {Hoping for Qc7+.} Qa4 34. Qc7+ Ke8 35. Qb8+ Kf7 36. Qb7+ Kf8 37. e4) 33... Qa6 $2 {[%mdl 8192]} (33... Bh7 $16) 34. Qc7+ $18 Ke8 35. f4 f5 36. Qb8+ (36. e4 $142 fxe4 37. Ke3) 36... Kf7 {[#]} 37. Qc7+ (37. Qe5 $1) 37... Ke8 38. Rg5 {And now Bh5 would win.} Qa2 39. Qd6 Kf7 {[%cal Og6h5]} 40. Qc7+ Ke8 $1 41. b5 Kf8 $2 (41... Qb2 42. Qb7 (42. Qxa7 Qxb5 43. Bh5 Qb2+ 44. Kg3 Qc1 $16) 42... Qb1) 42. Qd7 Qa1 43. Qxe6 Qh1 44. Qf6+ Ke8 45. Qe6+ Kf8 46. Qf6+ Ke8 $1 47. Rxg6 {White mates.} Rxg6 48. Qxg6+ Kd8 49. Qg5+ Kc7 50. Bf3 {Weighted Error Value: White=0.67/Black=0.49} (50. Qe7+ $142 Kb6 51. Bf3 Qh2+ 52. Kf1 Qh3+ 53. Bg2 Qh5 54. Kf2 Qh2 55. Qc5+ Kb7 56. Kf1) 1-0

[Event "1st Grandiscacchi Cattolica 2022"]
[Site "Cattolica"]
[Date "2022.03.05"]
[Round "6.8"]
[White "Barp, Alberto"]
[Black "Van Foreest, Lucas"]
[Result "1-0"]
[WhiteElo "2388"]
[BlackElo "2563"]
[Annotator "ChessBase"]
[PlyCount "85"]
[EventDate "2022.03.03"]
[EventType "swiss"]
[EventCountry "ITA"]
[SourceTitle "playchess.com"]
[Source "ChessBase"]
[SourceQuality "1"]
[TimeControl "5400+30"]

1. d4 {[%emt 0:01:47]} Nf6 {[%emt 0:03:02]} 2. c4 {[%emt 0:00:09]} e6 {[%emt 0:00:11]} 3. Nf3 {[%emt 0:00:06]} b6 {[%emt 0:00:06]} 4. g3 {[%emt 0:00:07]} Bb7 {[%emt 0:00:02]} 5. Bg2 {[%emt 0:00:08]} Be7 {[%emt 0:00:03]} 6. O-O {[%emt 0:00:11]} O-O {[%emt 0:00:03]} 7. Nc3 {[%emt 0:00:15]} Na6 {[%emt 0:00:05]} 8. Ne5 {[%emt 0:02:06]} Bxg2 {[%emt 0:00:18]} 9. Kxg2 {[%emt 0:00:04]} Qc8 {[%emt 0:00:02]} 10. e4 {[%emt 0:07:42]} Bb4 {[%emt 0:00:11]} 11. f3 {[%emt 0:09:24]} Bxc3 {[%emt 0:00:17]} 12. bxc3 {[%emt 0:00:06]} Kh8 {[%emt 0:10:56]} 13. Bg5 {[%emt 0:06:58]} Ng8 {[%emt 0:00:47]} 14. Be3 {[%emt 0:01:25]} Nb8 {[%emt 0:03:07]} 15. f4 {[%emt 0:07:07]} Qe8 {[%emt 0:11:23]} 16. Qd3 {[%emt 0:04:13]} d6 {[%emt 0:01:28]} 17. Nf3 {[%emt 0:00:07]} Nc6 {[%emt 0:12:14]} 18. d5 {[%emt 0:08:24]} Na5 {[%emt 0:01:34]} 19. e5 {[%emt 0:09:02]} h6 {[%emt 0:09:37]} 20. Rae1 {[%emt 0:18:32]} Rd8 {[%emt 0:03:17]} 21. f5 {[%emt 0:10:45]} exf5 {[%emt 0:03:50]} 22. exd6 {[%emt 0:01:38]} Qa4 {[%emt 0:20:21]} 23. dxc7 {[%emt 0:00:31]} Rd7 {[%emt 0:00:17]} 24. Ne5 {[%emt 0:02:36]} Rxc7 {[%emt 0:00:14]} 25. d6 {[%emt 0:00:34]} Rcc8 {[%emt 0:03:56]} 26. Qxf5 {[%emt 0:01:38]} Nxc4 {[%emt 0:02:02]} 27. Nxf7+ {[%emt 0:02:27]} Rxf7 {[%emt 0:00:01]} 28. Qxf7 {[%emt 0:00:18]} Nxd6 {[%emt 0:00:58]} 29. Qd5 {[%emt 0:00:11]} Nb5 {[%emt 0:02:15]} 30. Rf4 {[%emt 0:01:38]} Qa6 {[%emt 0:02:58]} 31. Bd4 {[%emt 0:01:36]} Nxd4 {[%emt 0:00:09]} 32. cxd4 {[%emt 0:00:31]} Nf6 {[%emt 0:02:39]} 33. Rxf6 {[%emt 0:01:10]} gxf6 {[%emt 0:00:06]} 34. Qf7 {[%emt 0:00:36]} b5 {[%emt 0:02:14]} 35. Re7 {[%emt 0:01:49]} Rc2+ {[%emt 0:00:08]} 36. Kh3 {[%emt 0:00:03]} Qc8+ {[%emt 0:00:12]} 37. Rd7 {[%emt 0:01:40]} Rxh2+ {[%emt 0:01:54]} 38. Kxh2 {[%emt 0:00:04]} Qc2+ {[%emt 0:00:06]} 39. Kh3 {[%emt 0:00:15]} Qf5+ {[%emt 0:00:17]} 40. Kg2 {[%emt 0:00:03]} Qc2+ {[%emt 0:01:24]} 41. Kf3 {[%emt 0:00:04]} Qd1+ {[%emt 0:01:40]} 42. Ke4 {[%emt 0:00:45]} Qh1+ {[%emt 0:01:46]} 43. Kf5 {[%emt 0:00:15]} 1-0

[Event "1st Grandiscacchi Cattolica 2022"]
[Site "Cattolica"]
[Date "2022.03.05"]
[Round "6.9"]
[White "Begmuratov, Khumoyun"]
[Black "Nesterov, Arseniy"]
[Result "0-1"]
[WhiteElo "2358"]
[BlackElo "2522"]
[Annotator "ChessBase"]
[PlyCount "128"]
[EventDate "2022.03.03"]
[EventType "swiss"]
[EventCountry "ITA"]
[SourceTitle "playchess.com"]
[Source "ChessBase"]
[SourceQuality "1"]
[TimeControl "5400+30"]

1. e4 {[%emt 0:00:06]} e6 {[%emt 0:00:07]} 2. d3 {[%emt 0:00:26]} d5 {[%emt 0:00:06]} 3. Nd2 {[%emt 0:00:16]} Nf6 {[%emt 0:00:07]} 4. Ngf3 {[%emt 0:00:16]} b6 {[%emt 0:00:09]} 5. c3 {[%emt 0:13:06]} c5 {[%emt 0:01:35]} 6. g3 {[%emt 0:00:31]} Be7 {[%emt 0:02:21]} 7. Bg2 {[%emt 0:01:15]} Ba6 {[%emt 0:03:48]} 8. c4 {[%emt 0:12:10]} O-O {[%emt 0:00:27]} 9. O-O {[%emt 0:00:28]} Nc6 {[%emt 0:00:19]} 10. b3 {[%emt 0:06:44]} dxe4 {[%emt 0:10:03]} 11. dxe4 {[%emt 0:00:45]} Qc7 {[%emt 0:00:19]} 12. Bb2 {[%emt 0:00:59]} e5 {[%emt 0:00:33]} 13. Qe2 {[%emt 0:04:20]} Rfd8 {[%emt 0:02:16]} 14. Rfd1 {[%emt 0:00:26]} Nd4 {[%emt 0:00:28]} 15. Nxd4 {[%emt 0:05:03]} cxd4 {[%emt 0:00:03]} 16. Nf3 {[%emt 0:06:05]} Nd7 {[%emt 0:02:32]} 17. Ne1 {[%emt 0:02:26]} Nc5 {[%emt 0:00:20]} 18. Qc2 {[%emt 0:07:39]} Bb7 {[%emt 0:05:13]} 19. Ba3 {[%emt 0:02:25]} Ne6 {[%emt 0:01:18]} 20. Bxe7 {[%emt 0:00:49]} Qxe7 {[%emt 0:00:02]} 21. Nd3 {[%emt 0:02:42]} Qd6 {[%emt 0:04:14]} 22. Qd2 {[%emt 0:03:02]} Nc5 {[%emt 0:00:51]} 23. Nxc5 {[%emt 0:01:13]} bxc5 {[%emt 0:00:29]} 24. Rab1 {[%emt 0:01:37]} a5 {[%emt 0:00:36]} 25. a3 {[%emt 0:02:03]} Bc6 {[%emt 0:05:16]} 26. Rb2 {[%emt 0:02:25]} Rdb8 {[%emt 0:01:32]} 27. Rdb1 {[%emt 0:00:58]} h6 {[%emt 0:01:33]} 28. h3 {[%emt 0:00:35]} Qg6 {[%emt 0:03:03]} 29. Re1 {[%emt 0:01:18]} Rb7 {[%emt 0:03:03]} 30. Kh2 {[%emt 0:03:19]} Qg5 {[%emt 0:00:54]} 31. Qd3 {[%emt 0:01:53]} Rab8 {[%emt 0:00:58]} 32. Reb1 {[%emt 0:00:01]} Rb6 {[%emt 0:03:35]} 33. Qc2 {[%emt 0:00:29]} h5 {[%emt 0:03:59]} 34. h4 {[%emt 0:00:31]} Qh6 {[%emt 0:00:52]} 35. Qd3 {[%emt 0:01:17]} Bd7 {[%emt 0:03:14]} 36. Bh3 {[%emt 0:01:04]} Bxh3 {[%emt 0:00:31]} 37. Kxh3 {[%emt 0:00:01]} Qd6 {[%emt 0:00:36]} 38. Kh2 {[%emt 0:00:52]} Qc6 {[%emt 0:06:39]} 39. f3 {[%emt 0:00:38]} Qf6 {[%emt 0:01:57]} 40. a4 {[%emt 0:02:46]} g5 {[%emt 0:01:27]} 41. hxg5 {[%emt 0:01:44]} Qxg5 {[%emt 0:00:09]} 42. Rg2 {[%emt 0:00:31]} Kf8 {[%emt 0:01:06]} 43. Kh1 {[%emt 0:01:13]} Ke7 {[%emt 0:04:18]} 44. Kg1 {[%emt 0:01:23]} R8b7 {[%emt 0:03:51]} 45. Kf1 {[%emt 0:00:50]} h4 {[%emt 0:01:51]} 46. gxh4 {[%emt 0:01:03]} Qxh4 {[%emt 0:00:24]} 47. Ke2 {[%emt 0:00:07]} Qf4 {[%emt 0:00:51]} 48. Rf2 {[%emt 0:00:23]} Rb4 {[%emt 0:02:28]} 49. Kd1 {[%emt 0:01:24]} Qg3 {[%emt 0:01:13]} 50. Re2 {[%emt 0:00:47]} Qg1+ {[%emt 0:02:17]} 51. Kd2 {[%emt 0:02:01]} Qxb1 {[%emt 0:00:41]} 52. Qxb1 {[%emt 0:00:29]} Rxb3 {[%emt 0:00:06]} 53. Qd1 {[%emt 0:02:27]} Rb2+ {[%emt 0:00:44]} 54. Ke1 {[%emt 0:00:05]} Rb1 {[%emt 0:00:06]} 55. f4 {[%emt 0:00:02]} exf4 {[%emt 0:00:18]} 56. Rf2 {[%emt 0:00:11]} Rxd1+ {[%emt 0:00:05]} 57. Kxd1 {[%emt 0:00:04]} Rb4 {[%emt 0:00:05]} 58. Rxf4 {[%emt 0:00:03]} Rxa4 {[%emt 0:00:04]} 59. e5 {[%emt 0:00:10]} Rxc4 {[%emt 0:00:04]} 60. Rf6 {[%emt 0:00:02]} Rc3 {[%emt 0:00:26]} 61. Ra6 {[%emt 0:00:03]} Re3 {[%emt 0:00:04]} 62. Kd2 {[%emt 0:00:09]} Rxe5 {[%emt 0:00:06]} 63. Kd3 {[%emt 0:00:03]} f5 {[%emt 0:00:09]} 64. Rxa5 {[%emt 0:00:02]} c4+ {[%emt 0:00:06]} 0-1

[Event "1st Grandiscacchi Cattolica 2022"]
[Site "Cattolica"]
[Date "2022.03.05"]
[Round "6.10"]
[White "Willow, Jonah B"]
[Black "Nikolov, Momchil"]
[Result "1/2-1/2"]
[WhiteElo "2365"]
[BlackElo "2501"]
[Annotator "ChessBase"]
[PlyCount "79"]
[EventDate "2022.03.03"]
[EventType "swiss"]
[EventCountry "ITA"]
[SourceTitle "playchess.com"]
[Source "ChessBase"]
[SourceQuality "1"]
[TimeControl "5400+30"]

1. Nf3 {[%emt 0:02:35]} Nf6 {[%emt 0:04:38]} 2. g3 {[%emt 0:00:08]} b5 {[%emt 0:01:21]} 3. Bg2 {[%emt 0:02:18]} Bb7 {[%emt 0:00:08]} 4. O-O {[%emt 0:01:58]} c5 {[%emt 0:00:57]} 5. d4 {[%emt 0:06:00]} e6 {[%emt 0:04:37]} 6. Nbd2 {[%emt 0:08:53]} cxd4 {[%emt 0:05:29]} 7. Nb3 {[%emt 0:00:54]} Be7 {[%emt 0:01:06]} 8. Nbxd4 {[%emt 0:01:56]} a6 {[%emt 0:00:59]} 9. a4 {[%emt 0:04:14]} b4 {[%emt 0:00:20]} 10. a5 {[%emt 0:00:15]} O-O {[%emt 0:01:57]} 11. Nb3 {[%emt 0:04:33]} Be4 {[%emt 0:08:03]} 12. Nbd2 {[%emt 0:06:09]} Bb7 {[%emt 0:07:51]} 13. Nc4 {[%emt 0:06:17]} Bc5 {[%emt 0:07:10]} 14. Be3 {[%emt 0:03:11]} Bxe3 {[%emt 0:00:36]} 15. Nxe3 {[%emt 0:00:03]} Nc6 {[%emt 0:52:48]} 16. Nc4 {[%emt 0:07:47]} d5 {[%emt 0:00:00]} 17. Nce5 {[%emt 0:01:24]} Rc8 {[%emt 0:00:00]} 18. Nxc6 {[%emt 0:01:55]} Bxc6 {[%emt 0:00:00]} 19. Nd4 {[%emt 0:05:33]} Bd7 {[%emt 0:00:00]} 20. f4 {[%emt 0:03:17]} Rc5 {[%emt 0:00:00]} 21. Qd2 {[%emt 0:01:10]} Qb8 {[%emt 0:00:00]} 22. e3 {[%emt 0:09:52]} Rfc8 {[%emt 0:00:00]} 23. Rfc1 {[%emt 0:02:14]} h6 {[%emt 0:00:00]} 24. Qd3 {[%emt 0:01:16]} Qb7 {[%emt 0:00:00]} 25. Bf1 {[%emt 0:00:17]} Ra8 {[%emt 0:00:00]} 26. Qb3 {[%emt 0:00:40]} Rc7 {[%emt 0:00:00]} 27. c3 {[%emt 0:02:32]} bxc3 {[%emt 0:00:00]} 28. Rxc3 {[%emt 0:00:21]} Ne4 {[%emt 0:00:00]} 29. Qxb7 {[%emt 0:01:17]} Rxb7 {[%emt 0:00:00]} 30. Rb3 {[%emt 0:00:05]} Rxb3 {[%emt 0:00:00]} 31. Nxb3 {[%emt 0:00:01]} Nd6 {[%emt 0:00:00]} 32. Nd4 {[%emt 0:03:04]} Nc4 {[%emt 0:00:00]} 33. e4 {[%emt 0:02:50]} Nxb2 {[%emt 0:00:00]} 34. exd5 {[%emt 0:00:06]} exd5 {[%emt 0:00:00]} 35. Bg2 {[%emt 0:00:26]} Rb8 {[%emt 0:01:55]} 36. Rb1 {[%emt 0:03:28]} Rb4 {[%emt 0:00:38]} 37. Nc2 {[%emt 0:00:08]} Rb5 {[%emt 0:00:41]} 38. Nd4 {[%emt 0:00:44]} Rb4 {[%emt 0:00:35]} 39. Nc2 {[%emt 0:00:07]} Rb5 {[%emt 0:04:37]} 40. Nd4 {[%emt 0:00:14]} 1/2-1/2

[Event "1st Grandiscacchi Cattolica 2022"]
[Site "Cattolica"]
[Date "2022.03.06"]
[Round "7.1"]
[White "Praggnanandhaa R"]
[Black "Narayanan.S.L"]
[Result "1/2-1/2"]
[WhiteElo "2612"]
[BlackElo "2658"]
[Annotator "TA"]
[PlyCount "120"]
[EventDate "2022.03.03"]
[EventType "swiss"]
[EventCountry "ITA"]
[SourceTitle "playchess.com"]
[Source "ChessBase"]
[SourceQuality "1"]

{[%evp 12,120,11,14,18,8,10,5,0,0,0,0,0,0,0,0,0,0,28,25,39,38,30,32,32,30,34,16,24,3,1,0,18,19,19,14,50,50,52,50,62,39,57,34,33,43,67,54,75,58,89,58,82,79,137,139,136,133,142,154,156,150,145,137,145,153,187,118,104,89,92,84,86,67,69,65,65,71,76,45,48,45,60,37,37,37,37,24,24,24,24,17,17,10,10,8,8,0,0,8,28,24,24,24,24,8,24,24,24,0,0]} 1. e4 e5 2. Nf3 Nc6 3. Bc4 Nf6 4. d3 Bc5 5. O-O d6 6. c3 O-O 7. Re1 $1 {[%mdl 4] is recently more successful than 7.Bb3.} a5 {C54: Giuoco Piano: 4 c3 Nf6, main lines with 5 d4 and 5 d3.} 8. h3 h6 9. b3 Bb6 10. Nbd2 {[#]} Nh5 $146 ({Predecessor:} 10... Be6 11. Nf1 d5 12. exd5 Nxd5 13. Qc2 Qf6 14. Ng3 Qg6 15. Kh2 Rad8 16. Ba3 Rfe8 17. Nxe5 Nxe5 18. Rxe5 {0-1 (61) Alekseenko,K (2698)-Ding,L (2805) Ekaterinburg 2021}) 11. Nf1 Qf6 12. Be3 Bxe3 13. Nxe3 Nf4 14. Kh2 Kh8 15. d4 Re8 16. d5 Ne7 {[%cal Oa5a4]} 17. Bf1 g6 18. g3 Nh5 19. Bg2 Qg7 20. Nd2 Rf8 21. Rf1 Bd7 22. c4 {[%cal Oc4c5]} b6 23. a3 Rg8 24. b4 {[%cal Oc4c5]} f5 25. exf5 Nxf5 26. Nxf5 Bxf5 27. Qb3 {[%cal Oc4c5]} Nf6 28. c5 bxc5 29. bxc5 Rab8 {[#]} 30. Qe3 e4 31. cxd6 cxd6 {[#]} 32. Nc4 $1 Rb5 (32... Rgd8 $142) 33. Nxd6 $16 Rxd5 34. Rad1 {White is more active.} ({Much worse is} 34. Nxe4 $6 Nxe4 35. Bxe4 Re5 $11) 34... Rd8 35. Rxd5 Nxd5 36. Qc5 Qe7 37. Qxd5 {Nf7+ is the strong threat.} Qxd6 38. Qxa5 h5 39. Qc3+ ({White should try} 39. a4 $18) 39... Qd4 40. Qc7 {[%cal Oa3a4]} Rd7 41. Qf4 {Hoping for Qh6+.} Kg7 {Inhibits Qh6+.} 42. Re1 {aiming for g4.} Rf7 43. Qe3 Qxe3 44. Rxe3 $14 {[%mdl 4096] Endgame KRB-KRB} Ra7 45. Bf1 Ra5 46. Be2 Kf6 47. g4 hxg4 48. hxg4 Be6 49. Kg3 g5 50. Bd1 Bd5 51. Bc2 Bc6 52. Rc3 Bd5 53. a4 Ke5 54. Rc7 {[%cal Of2f3]} Kd4 55. Bd1 e3 56. fxe3+ Kxe3 57. Re7+ Kd4 58. Rg7 Be4 59. Bf3 {Threatens to win with Rd7+.} Bc2 60. Bc6 Rc5 {Black escapes into a draw.  Weighted Error Value: White=0.06 (flawless) /Black=0.05 (flawless)} 1/2-1/2